000 00818nam1a2200241 4500
001 RU\NLR\BIBL_A\016208397
005 20250807185139.0
035 _a(NLR Aleph) 016208397
090 _a83302
_c83302
100 _a20221115d1941 u y0rusy50 ca
101 0 _aava
102 _aRU
105 _ay z 000 y
200 1 _aБайбихьул школалъе авар мацIалъул грамматика
_e1 ва 2 абилеб класс
_fСаидов М.
210 _aМахачкала
_cДаггосиздат
_d1941
215 _a55,[1] с.
_d23
541 1 _aГрамматика и правописание
_zrus
790 0 _6z01541
_aСаидов М.
_4070
852 _aNLR
_bОНЛ
942 _cBOOK
945 _aРоссийская национальная библиотека
980 _aBV